LEADER 01442nam0 2200277 i 450 001 VAN0063099 005 20190531095951.762 100 $a20080227d2007 |0itac50 ba 101 $aita 102 $aIT 105 $a|||| ||||| 200 1 $aBotticelli e l'età di Lorenzo il magnifico$eFilippo Lippi, Antonio e Piero del Pollaiolo, Andrea del Verrocchio, Domenico Ghirlandaio, Pietro Perugino. Leonardo, Filippino Lippi, Piero di Cosimo, Fra' Bartolomeo$fAlessandro Cecchi 205 $aMilano : Il sole 24 ore$gFirenze : E-ducation.it, 2007 210 $d335 p. : ill. ; 29 cm 215 $aIn custodia. - Distribuito con: Il sole 24 ore, settembre 20/2007. 410 1$1001VAN0063064$12001 $aˆI ‰grandi maestri dell'arte$el'artista e il suo tempo$1210 $dMilano : Il sole 24 Ore ; Firenze : E-ducation.it$d2007-.$v1 606 $aArte italiana$xSec. 15.-16.$3VANC034902$2LB 620 $dMilano$3VANL000284 700 1$aCecchi$bAlessandro$f1949- $3VANV080891$0216829 712 $aIl sole 24 ore $3VANV108714$4650 801 $aIT$bSOL$c20230728$gRICA 899 $aBIBLIOTECA DEL DIPARTIMENTO DI LETTERE E BENI CULTURALI$1IT-CE0103$2VAN07 912 $aVAN0063099 950 $aBIBLIOTECA DEL DIPARTIMENTO DI LETTERE E BENI CULTURALI$d07CONS Pa Botticelli $e07 18095 365 20080227 996 $aBotticelli e l'età di Lorenzo il Magnifico$9249117 997 $aUNICAMPANIA